| 000 | 00705nam a22001937a 4500 | ||
|---|---|---|---|
| 999 |
_c12398 _d12398 |
||
| 003 | AR-CdUCM | ||
| 008 | 190408b ||||| |||| 00| 0 spa d | ||
| 040 |
_aMUNICIPALIDAD PROVINCIAL DEL CUSCO _cBIBLIOTECA MUNICIPAL DEL CUSCO |
||
| 082 |
_aC / 985.61 / _bP19 |
||
| 100 |
_aPalomino, Enrrique _930233 |
||
| 245 |
_aQosqo, centro del mundo : _bUna visión cusqueña global del origen, grandeza y caída de la capital del Tawantinsuyo / |
||
| 260 |
_aCusco : _bImprenta Yáñez, _c1993. |
||
| 300 |
_a154 paginas _c20 cm. |
||
| 505 | _aContenido :Qosqo, centro del mundo | ||
| 650 |
_aHistoria del Qosqo _930234 |
||
| 650 |
_aMaravilla del mundo _924561 |
||
| 942 |
_2ddc _cLIBROS |
||
| 945 |
_arum _d2019-04-08 |
||